Statistics for Superheavy elements of the Periodic Table (transactinides)

Click here to take the quiz!

General Stats

  • This quiz has been taken 24 times
  • The average score is 13 of 15

Answer Stats

Atomic numberAnswer% Correct
108Hassium
100%
115Moscovium
100%
118Oganesson
100%
104Rutherfordium
100%
117Tennessine
100%
107Bohrium
80%
105Dubnium
80%
114Flerovium
80%
116Livermorium
80%
109Meitnerium
80%
113Nihonium
80%
111Roentgenium
80%
106Seaborgium
80%
112Copernicium
60%
110Darmstadtium
60%

Score Distribution

Percentile by Number Answered

Percent of People with Each Score

Your Score History

You have not taken this quiz